Statistics for Countries Closest to Kerguelen

Click here to take the quiz!

General Stats

  • This quiz has been taken 103 times
  • The average score is 20 of 24

Answer Stats

Distance in kmCountry% Correct
4,010Australia
93%
3,897South Africa
93%
3,365Madagascar
92%
3,391Mauritius
89%
4,050Mozambique
89%
5,103Tanzania
88%
4,822Namibia
86%
5,716Indonesia
85%
5,128Seychelles
85%
4,060Lesotho
84%
4,528Zimbabwe
84%
4,646Botswana
83%
4,729Comoros
82%
5,743Kenya
82%
5,166Zambia
82%
4,074Swaziland
81%
5,459Angola
80%
5,422D. R. of the Congo
80%
6,334New Zealand
75%
6,264Burundi
72%
4,755Malawi
72%
5,940Somalia
72%
6,205Sri Lanka
70%
5,398Maldives
69%

Score Distribution

Percentile by Number Answered

Percent of People with Each Score

Your Score History

You have not taken this quiz